Présidents des Etats-Unis et dirigeants français contemporains - Statistiques

Statistiques générales
  • Ce quiz a été pris 35 fois
  • Le résultat moyen est 38 sur 46
Statistiques - réponses
Hint Réponse % Correct
John Fitzgerald Kennedy (1961-1963) Charles de Gaulle
91%
Lyndon B. Johnson (1963-1969) Charles de Gaulle
91%
Harry S. Truman (1945-1953) Charles de Gaulle | Félix Gouin | Georges Bidault | Léon Blum | Vincent Auriol
91%
Richard Nixon (1969-1974) Charles de Gaulle | Georges Pompidou | Valéry Giscard d'Estaing | Alain Poher
91%
Joe Biden (2021-2024) Emmanuel Macron
91%
Donald Trump (2017-2021) François Hollande | Emmanuel Macron
91%
Ronald Reagan (1981-1989) François Mitterrand
91%
George H.W. Bush (1989-1993) François Mitterrand
91%
Bill Clinton (1993-2001) François Mitterrand | Jacques Chirac
91%
George W. Bush (2001-2009) Jacques Chirac | Nicolas Sarkozy
91%
Thomas Jefferson (1801-1809) Napoléon Bonaparte | Napoléon 1er
91%
Barack Obama (2009-2017) Nicolas Sarkozy | François Hollande
91%
Gerald Ford (1974-1977) Valéry Giscard d'Estaing
91%
Jimmy Carter (1977-1981) Valéry Giscard d'Estaing | François Mitterrand
91%
Dwight D. Eisenhower (1953-1961) Vincent Auriol | René Coty | Charles de Gaulle
91%
Franklin Delano Roosevelt (1933-1945) Albert Lebrun | Philippe Pétain | Charles de Gaulle
88%
Georges Washington (1789-1797) Louis XVI | Jean-François Reubell
88%
John Quincy Adams (1825-1829) Charles X
84%
Andrew Jackson (1829-1837) Charles X | Louis-Philippe
84%
Zachary Taylor (1849-1850) Louis-Napoléon Bonaparte
84%
Marin Van Buren (1837-1841) Louis-Philippe
84%
William Henry Harrison (1841) Louis-Philippe
84%
John Tyler (1841-1845) Louis-Philippe
84%
James K Polk (1845-1849) Louis-Philippe | Louis-Napoléon Bonaparte
84%
James Monroe (1817-1825) Louis XVIII | Charles X
84%
James Madison (1809-1817) Napoléon 1er | Louis XVIII
84%
Millard Fillmore (1850-1853) Louis-Napoléon Bonaparte | Napoléon III
81%
Ulysses S. Grant (1869-1877) Napoléon III | Adolphe Thiers | Patrice de Mac Mahon
81%
John Adams (1797-1801) Philippe Merlin de Douai | Louis-Marie de La Réveillière-Lépeaux | Paul Barras | Jean-François Reubell | Emmanuel-Joseph Sieyès | Louis Gohier | Napoléon Bonaparte
81%
Warren G. Harding (1921-1923) Alexandre Millerand
78%
Calvin Coolidge (1923-1929) Alexandre Millerand | Gaston Doumergue
78%
Herbert Hoover (1929-1933) Gaston Doumergue | Paul Doumer | Albert Lebrun
78%
James A. Garfield (1881) Jules Grévy
78%
Franklin Pierce (1853-1857) Napoléon III
78%
James Buchanan (1857-1861) Napoléon III
78%
Abraham Lincoln (1861-1865) Napoléon III
78%
Andrew Johnson (1865-1869) Napoléon III
78%
Rutherford B. Hayes (1877-1881) Patrice de Mac Mahon | Jules Grévy
78%
Woodrow Wilson (1913-1921) Raymond Poincaré | Paul Deschanel
78%
Chester A. Arthur (1881-1885) Jules Grévy
75%
William H. Taft (1909-1913) Armand Fallières | Raymond Poincaré
72%
Theodore Roosevelt (1901-1909) Emile Loubet | Armand Fallières
72%
William McKinley (1897-1901) Félix Faure | Emile Loubet
72%
Grover Cleveland (1885-1889) Jules Grévy | Sadi Carnot
72%
Benjamin Harrison (1889-1893) Sadi Carnot
72%
Grover Cleveland (1893-1897) Sadi Carnot | Jean Casimir-Périer | Félix Faure
72%
Aucun quiz correspondant
Distribution des résultats
% des personnes avec chaque résultat
Percentile par nombre de réponses
Votre historique - résultats
Vous n’avez pas pris ce quiz